000 00464nam a2200145 i 4500
001 95266
003 ES-MaACL
007 t|
008 050525s1906 xxk ||||1| pol d
100 1 _aLutoslawski, Wincenty.
_974879
245 1 0 _aLogika ogolna czyli Teorja Poznania i Logika Formalna /
_cOpracowal Wincenty Lutoslawski.
260 _aLondynie :
_bNakladem Wszechnicy Mickiewicza,
_c1906.
300 _aXXXII, 368, 1-67 p. ;
_c19 cm.
852 _aES-MaACL
_jG-1845
999 _c95266
_d95266